000 00429nam a2200181Ia 4500
005 20240823034409.0
008 240823s9999||||xx |||||||||||||| ||und||
041 _aENGLISH
082 _A005.133 N6
100 _aArthur Tennick
245 0 _aVisual Basic 4
250 _a1st
260 _c1996
_b"BPB,New Delhi"
500 _aTRANSFERED
650 _aVisual Basic
_bInformation Technology
942 _cBK
999 _c198153
_d198153